Statistics for Smashing Pumpkins Song by Lyric

Click here to take the quiz!

General Stats

  • This quiz has been taken 75 times
  • The average score is 9 of 15

Answer Stats

LyricSong% Correct
"The world is a vampire, sent to drain."Bullet With Butterfly Wings
97%
"Can't live for tomorrow, tomorrow's much too long."Today
88%
"My reflection, dirty mirror, there's no connection to myself."Zero
87%
"I used to be a little boy, so old in my shoes."Disarm
84%
"We were sure we'd never see an end to it all."1979
75%
"The more you change the less you feel."Tonight, Tonight
75%
You'll be the mother to my child, and a child to my heart."Ava Adore
69%
"She knows, she knows, she knows."Rhinoceros
66%
"And you can make it last, forever."Thirty-Three
54%
"No matter where you are, I can still hear you when you dream."Drown
47%
"But please, you know you're just like me."Perfect
46%
"Enchanted in the rapture of his sentimental sway."The Everlasting Gaze
44%
"Turn to the gates of heaven, turn myself around."Eye
26%
"And for the first time, I feel as though I am reborn in my mind."Stand Inside Your Love
26%
"I may seem unafraid, and I may seem unashamed."The Celestials
12%

Score Distribution

Percentile by Number Answered

Percent of People with Each Score

Your Score History

You have not taken this quiz